Loading...
| History - World | 0 | 7 | 0 | 0 | 70 | 24 | 63.57 | 1 | 6 | 25.71 | 49.49 |
| Mythology | 0 | 4 | 1 | 0 | 35 | 56 | 58.50 | 1 | 3 | 17.20 | 26.26 |
| History - American | 0 | 4 | 2 | 1 | 30 | 66 | 86.75 | 0 | 2 | 9.48 | 19.19 |
| Religion | 0 | 3 | 0 | 0 | 30 | 55 | 66.67 | 0 | 2 | 11.08 | 20.20 |
| Fine Arts - Classical Music | 0 | 3 | 0 | 1 | 30 | 21 | 71.00 | 0 | 1 | 10.53 | 14.14 |
| Science - Biology | 0 | 2 | 0 | 0 | 20 | 56 | 56.50 | 0 | 1 | 8.53 | 14.14 |
| Popular Culture | 0 | 2 | 0 | 0 | 20 | 43 | 67.00 | 0 | 1 | 14.11 | 16.67 |
| Philosophy | 0 | 2 | 0 | 0 | 20 | 84 | 85.50 | 0 | 1 | 4.47 | 12.35 |
| Current Events | 0 | 2 | 1 | 0 | 15 | 58 | 71.50 | 1 | 1 | 12.53 | 26.67 |
| Social Science | 0 | 1 | 0 | 1 | 10 | 92 | 92.00 | 0 | 0 | 0.00 | 2.78 |
| Fine Arts - Other | 0 | 1 | 0 | 1 | 10 | 114 | 114.00 | 0 | 0 | 0.00 | 1.01 |
| Fine Arts - Painting and Sculpture | 0 | 1 | 0 | 0 | 10 | 58 | 58.00 | 0 | 1 | 3.71 | 8.08 |
| History - European | 0 | 1 | 0 | 0 | 10 | 25 | 25.00 | 0 | 0 | 7.08 | 4.04 |
| Literature - American | 0 | 1 | 0 | 0 | 10 | 61 | 61.00 | 0 | 0 | 4.23 | 3.03 |
| Literature - World | 0 | 1 | 0 | 0 | 10 | 94 | 94.00 | 0 | 1 | 1.59 | 5.05 |
| History - Other | 0 | 1 | 1 | 0 | 5 | 79 | 79.00 | 0 | 0 | 2.56 | 6.06 |